| 000 | 00618nam a2200217Ia 4500 | ||
|---|---|---|---|
| 003 | OSt | ||
| 005 | 20260115152537.0 | ||
| 008 | 221004b |||||||| |||| 00| 0 mar d | ||
| 037 | _cTB | ||
| 040 |
_aAL _cAL _bmar |
||
| 041 |
_2mar _amar |
||
| 084 |
_aO155,3M64:g 33N0 _qAL |
||
| 100 |
_aGadagkar, N.S. _9611540 |
||
| 245 | 0 | _aHari narayana apte | |
| 260 |
_aNew Delhi, India: _bSahitya Akademy, _c1990. |
||
| 300 | _a90p. | ||
| 365 |
_b15 _cINR |
||
| 650 |
_aMARATHI LITERATURE _938000 |
||
| 942 |
_hO155,3M64:g 33N0 _cTB _2CC _n0 |
||
| 999 |
_c988693 _d988693 |
||